000 00362nam a2200157Ia 4500
003 Ost
005 20260225132554.0
008 260225s9999||||xx |||||||||||||| ||und||
040 _cfsic
041 _afre
082 _a440
100 _aAssociation Française
_eAuteur
245 0 _aL'ONU et la presse /
245 0 _cAssociation Française
942 _cكتاب
999 _c34355
_d34355